H

Gorde:
Xehetasun bibliografikoak
Egile nagusia: Sollers, Philippe
Formatua: Liburua
Hizkuntza:Undetermined
Argitaratua: París, Francia Editions du Seuil 1972
Gaiak:
Etiketak: Etiketa erantsi
Etiketarik gabe, Izan zaitez lehena erregistro honi etiketa jartzen!

MARC

LEADER 00000nam a2200000Ia 4500
008 170316s9999 xx 000 0 und d
040 |a cru BVZT 
090 |a 840 S-18h 
100 |a Sollers, Philippe 
245 |a H 
260 |a París, Francia 
260 |b Editions du Seuil 
260 |c 1972 
300 |a 185 páginas 
650 |a LITERATURA FRANCESA 
999 |c 7986  |d 7986 
942 |c 15 D  |h 840 S-18h  |2 z